000 00426nam a2200133Ia 4500
008 220217s9999 xx 000 0 und d
245 0 _aSpecification for agricultural spray hose of rubber with braided textile reinforcement. (Second Revision).
260 _c1968
500 _aStandard number: IS 1677
650 _aAgricultural spray hose
650 _aBraided textile reinforcement
650 _aRubber hose
942 _cST
999 _c73578
_d73578